[Event "Rubinstein Memorial-C 55th"]
[Site "Polanica Zdroj"]
[Date "2019.08.20"]
[Round "4"]
[White "Szeliga, Sebastian"]
[Black "Stoop, Jan"]
[Result "1/2-1/2"]
[WhiteElo "1506"]
[BlackElo "1654"]
[PlyCount "68"]
[EventDate "2019.08.17"]
[EventType "swiss"]
[EventRounds "9"]
[EventCountry "POL"]
[SourceTitle "EXT 2020"]
[Source "ChessBase"]
[SourceDate "2019.10.17"]
[SourceVersion "1"]
[SourceVersionDate "2019.10.17"]
[SourceQuality "1"]

1. e4 e5 2. Nf3 Nc6 3. d4 exd4 4. Nxd4 Nf6 5. Nxc6 bxc6 6. Bd3 d5 7. exd5 cxd5 8. 0-0 Be7 9. b3 0-0 10. Bb2 c5 11. Nd2 Bg4 12. Be2 Bf5 13. Re1 Rb8 14. Nf1 a5 15. Ne3 Be6 16. Rb1 Qd7 17. Qd2 Ne4 18. Qd3 f5 19. Bf3 Rfd8 20. Red1 Qc6 21. Qe2 a4 22. Ba1 axb3 23. axb3 Ra8 24. Rd3 c4 25. bxc4 dxc4 26. Rxd8+ Rxd8 27. Re1 c3 28. Nd1 Rd2 29. Qe3 Bc5 30. Bxe4 Qxe4 31. Qxe4 fxe4 32. Bxc3 Rxc2 33. Rxe4 Bb3 34. Re1 Rc1 1/2-1/2

[Event "POL-chT U20 2nd League"]
[Site "Szczyrk"]
[Date "2017.07.26"]
[Round "7.3"]
[White "Redzisz, Michal"]
[Black "Szeliga, Sebastian"]
[Result "1/2-1/2"]
[WhiteElo "1954"]
[BlackElo "1268"]
[PlyCount "77"]
[EventDate "2017.07.22"]
[EventType "team-swiss"]
[EventRounds "11"]
[EventCountry "POL"]
[SourceTitle "EXT 2019"]
[Source "ChessBase"]
[SourceDate "2018.10.10"]
[SourceVersion "1"]
[SourceVersionDate "2018.10.10"]
[SourceQuality "1"]

1. e4 e5 2. Nf3 Nf6 3. Nxe5 d6 4. Nf3 Nxe4 5. Nc3 Nxc3 6. dxc3 Bg4 7. Be3 Be7 8. Be2 Nc6 9. h3 Bh5 10. g4 Bg6 11. Qd2 a6 12. 0-0-0 Qd7 13. Nd4 0-0-0 14. f4 f6 15. Bf3 Nxd4 16. Qxd4 c5 17. Qd2 Bf7 18. Bd5 Bxd5 19. Qxd5 Rhe8 20. Rhe1 Bf8 21. Bd2 Kc7 22. b3 Qc6 23. c4 Qxd5 24. cxd5 Kd7 25. f5 Rxe1 26. Rxe1 Re8 27. Re6 Be7 28. Bf4 b5 29. Kd2 Rc8 30. h4 h6 31. Be3 Rc7 32. Re4 Rc8 33. a4 Re8 34. Re6 Rc8 35. axb5 axb5 36. Bf4 Ra8 37. Re1 Ra7 38. Rg1 Ra8 39. Kd3 1/2-1/2

[Event "Lazy Baltic Pearl op 13th"]
[Site "Lazy"]
[Date "2017.06.30"]
[Round "6"]
[White "Zadkowski, Zbigniew"]
[Black "Szeliga, Sebastian"]
[Result "0-1"]
[WhiteElo "1584"]
[BlackElo "1268"]
[PlyCount "96"]
[EventDate "2017.06.25"]
[EventType "swiss"]
[EventRounds "9"]
[EventCountry "POL"]
[SourceTitle "EXT 2018"]
[Source "ChessBase"]
[SourceDate "2017.10.13"]
[SourceVersion "1"]
[SourceVersionDate "2017.10.13"]
[SourceQuality "1"]

1. e4 c5 2. Nf3 a6 3. d4 cxd4 4. Nxd4 Nf6 5. Nc3 e5 6. Nf5 d6 7. Ne3 Be6 8. Bc4 Bxc4 9. Nxc4 Be7 10. Be3 Nc6 11. Nb6 Rb8 12. Nbd5 b5 13. b4 0-0 14. 0-0 Qd7 15. Nxf6+ Bxf6 16. Nd5 Bd8 17. f4 Rb7 18. f5 Ne7 19. Nf6+ gxf6 20. Bh6 Re8 21. Qg4+ Ng6 22. Rf3 Be7 23. Rh3 Bf8 24. Qh5 Bxh6 25. Qxh6 Nf4 26. Rg3+ Ng6 27. Rd1 Qc6 28. Qe3 Qb6 29. Kf2 Kf8 30. fxg6 fxg6 31. Ke2 Qxe3+ 32. Rxe3 Ke7 33. Rc3 Rd8 34. Rc6 Ra7 35. Rd3 Rdd7 36. Kd2 f5 37. Re3 Rdc7 38. Rxc7+ Rxc7 39. Kd3 Ke6 40. a3 Rc4 41. c3 fxe4+ 42. Rxe4 Rxe4 43. Kxe4 d5+ 44. Ke3 Kf5 45. Kf3 h5 46. g3 Kg5 47. Ke3 Kf6 48. Kd3 Kf5 0-1

[Event "Lazy Baltic Pearl op 13th"]
[Site "Lazy"]
[Date "2017.06.27"]
[Round "3"]
[White "Budrewicz, Henryk"]
[Black "Szeliga, Sebastian"]
[Result "1/2-1/2"]
[WhiteElo "1504"]
[BlackElo "1268"]
[PlyCount "104"]
[EventDate "2017.06.25"]
[EventType "swiss"]
[EventRounds "9"]
[EventCountry "POL"]
[SourceTitle "EXT 2018"]
[Source "ChessBase"]
[SourceDate "2017.10.13"]
[SourceVersion "1"]
[SourceVersionDate "2017.10.13"]
[SourceQuality "1"]

1. d4 Nf6 2. e3 e6 3. Bd3 b6 4. f4 Bb7 5. Nf3 Be7 6. Nbd2 d6 7. 0-0 Nbd7 8. b3 c5 9. Bb2 Rc8 10. Qe2 Qc7 11. Rac1 0-0 12. c4 Qb8 13. a4 Qa8 14. h3 Ne4 15. Kh2 Ndf6 16. g4 Nxd2 17. Nxd2 Ne4 18. Nf3 h6 19. h4 Nf6 20. Nd2 Ne4 21. Nf3 Nf6 22. Kg3 Bxf3 23. Qxf3 Qxf3+ 24. Rxf3 Nd7 25. g5 h5 26. f5 exf5 27. Bxf5 Rc7 28. Rcf1 g6 29. Bh3 Nb8 30. d5 Nd7 31. Bxd7 Rxd7 32. e4 Bd8 33. Kg2 Re8 34. Re3 Bc7 35. Bf6 Bd8 36. Bc3 Bc7 37. Rfe1 Kf8 38. Kf3 Rde7 39. Bf6 Rd7 40. Kf4 Bd8 41. Bxd8 Rexd8 42. e5 dxe5+ 43. Rxe5 a5 44. R1e4 Rb8 45. Re2 Rbd8 46. Rd2 Rd6 47. Re4 R8d7 48. Rde2 Rd8 49. Re7 R6d7 50. Rxd7 Rxd7 51. Re4 Rd6 52. Re5 Rd7 1/2-1/2

[Event "Lazy Baltic Pearl op 13th"]
[Site "Lazy"]
[Date "2017.06.26"]
[Round "2"]
[White "Szeliga, Sebastian"]
[Black "Zabron, Maksym"]
[Result "0-1"]
[WhiteElo "1268"]
[BlackElo "1579"]
[PlyCount "124"]
[EventDate "2017.06.25"]
[EventType "swiss"]
[EventRounds "9"]
[EventCountry "POL"]
[SourceTitle "EXT 2018"]
[Source "ChessBase"]
[SourceDate "2017.10.13"]
[SourceVersion "1"]
[SourceVersionDate "2017.10.13"]
[SourceQuality "1"]

1. e4 d6 2. d4 Nf6 3. Nc3 g6 4. Nf3 Bg7 5. Bc4 0-0 6. 0-0 Bg4 7. h3 Bxf3 8. Qxf3 Nc6 9. Be3 e5 10. d5 Ne7 11. Bg5 Nd7 12. Bb5 f5 13. Bxd7 Qxd7 14. Bxe7 Qxe7 15. Rae1 f4 16. Qd3 f3 17. Re3 fxg2 18. Kxg2 Bh6 19. Rf3 Rxf3 20. Qxf3 Rf8 21. Qg3 Bf4 22. Qg4 Bd2 23. Ne2 Qf6 24. Qg3 Bf4 25. Qf3 h5 26. Nxf4 exf4 27. c3 Qh4 28. Rg1 Rf7 29. Kf1 Rg7 30. Qg2 Qe7 31. f3 g5 32. Qe2 Qd7 33. Qc4 Qxh3+ 34. Kf2 g4 35. fxg4 Qe3+ 36. Kf1 hxg4 37. Qe2 Qxe2+ 38. Kxe2 Kf7 39. Rf1 f3+ 40. Ke3 Ke7 41. Kf4 f2 42. Kg3 Kf6 43. Rxf2+ Ke5 44. Rf4 c6 45. dxc6 bxc6 46. b3 c5 47. c4 a5 48. Rf8 a4 49. Re8+ Kd4 50. Re6 axb3 51. axb3 Rd7 52. Kxg4 Kc3 53. Kf4 Kxb3 54. e5 dxe5+ 55. Kxe5 Kxc4 56. Ke4 Rd1 57. Rb6 Kc3 58. Ke3 c4 59. Ke2 Rd8 60. Ra6 Kb2 61. Rb6+ Kc2 62. Ra6 c3 0-1

[Event "POL-chT U19 2nd League"]
[Site "Szczyrk"]
[Date "2014.08.01"]
[Round "10.34"]
[White "Szeliga, Sebastian"]
[Black "Krol, Marcin"]
[Result "0-1"]
[WhiteElo "1183"]
[BlackElo "1595"]
[PlyCount "80"]
[EventDate "2014.07.25"]
[EventType "team-swiss"]
[EventRounds "11"]
[EventCountry "POL"]
[SourceTitle "EXT 2015"]
[Source "ChessBase"]
[SourceDate "2014.11.20"]
[SourceVersion "1"]
[SourceVersionDate "2014.11.20"]
[SourceQuality "1"]
[WhiteTeam "Gliwice Politechnika Slaska U19"]
[BlackTeam "Konin UKS Smecz U19"]
[WhiteTeamCountry "POL"]
[BlackTeamCountry "POL"]

1. e4 c5 2. Nf3 Nc6 3. Bb5 Nd4 4. Nxd4 cxd4 5. 0-0 g6 6. c3 Bg7 7. d3 Qb6 8. Bc4 e6 9. Bf4 Qxb2 10. Nd2 dxc3 11. Nb3 c2 12. Qd2 Bc3 13. Qc1 a5 14. Qxb2 Bxb2 15. Rae1 a4 16. Nc1 Ne7 17. Re2 0-0 18. Rxc2 Bg7 19. Bd6 Re8 20. Bb5 Nc6 21. Rc4 Ra5 22. Bxc6 dxc6 23. Bc7 Ra6 24. Ne2 b5 25. Rc2 e5 26. Bd6 Rd8 27. Bc5 Rxd3 28. Nc3 Be6 29. Rd1 Rxd1+ 30. Nxd1 Bf8 31. Be3 c5 32. Nc3 b4 33. Nd5 Bxd5 34. exd5 b3 35. Rb2 c4 36. axb3 axb3 37. Rb1 b2 38. Rxb2 Ra1+ 39. Rb1 Rxb1+ 40. Bc1 Rxc1# 0-1